Alle Sieger der La Liga - Statistiken

Allgemein
  • Dieses Quiz wurde 588 mal gespielt
    233 seit der letzten Aktualisierung
  • Das Durchschnittsergebnis liegt bei 6 aus 9
Antwortstatistiken
Wie oft Letzte Antwort % Korrekt
27 2023 FC Barcelona
100%
36 2024 Real Madrid
100%
11 2021 Atletico Madrid
95%
6 2004 FC Valencia
86%
1 2000 Deportivo La Coruña
61%
1 1935 Betis Sevilla
50%
1 1946 FC Sevilla
50%
8 1984 Athletic Bilbao
40%
2 1982 Real Sociedad
40%
Keine übereinstimmenden Quizze gefunden
Verteilung der Resultate
Anzahl Personen mit jedem Resultat
Perzentil nach korrekt beantworteten Fragen
Ihre Resultats-Entwicklung
Sie haben dieses Quiz seit der letzten Aktualisierung nicht gespielt